<?xml version="1.0" encoding="UTF-8"?>
<record
    xmlns:xsi="http://www.w3.org/2001/XMLSchema-instance"
    xsi:schemaLocation="http://www.loc.gov/MARC21/slim http://www.loc.gov/standards/marcxml/schema/MARC21slim.xsd"
    xmlns="http://www.loc.gov/MARC21/slim">

  <leader>01059nam a22001817a 4500</leader>
  <controlfield tag="003">BDDh-ASL</controlfield>
  <controlfield tag="005">20231015031250.0</controlfield>
  <controlfield tag="008">230326s1978    no ||||| |||| 00| 0 eng d</controlfield>
  <datafield tag="040" ind1=" " ind2=" ">
    <subfield code="a">BDDh-ASL</subfield>
    <subfield code="c">BDDh-ASL</subfield>
  </datafield>
  <datafield tag="041" ind1=" " ind2=" ">
    <subfield code="a">eng</subfield>
  </datafield>
  <datafield tag="082" ind1=" " ind2=" ">
    <subfield code="a">370</subfield>
    <subfield code="b">HUE</subfield>
  </datafield>
  <datafield tag="100" ind1="1" ind2=" ">
    <subfield code="a">Husain, A.F.A. </subfield>
    <subfield code="9">3095</subfield>
  </datafield>
  <datafield tag="245" ind1="1" ind2="0">
    <subfield code="a">Educational Development and Reform in Bangladesh / </subfield>
    <subfield code="c">by A.F.A. Husain</subfield>
  </datafield>
  <datafield tag="260" ind1=" " ind2=" ">
    <subfield code="a">Bergen, Norway : </subfield>
    <subfield code="b">DERAP Working Paper, </subfield>
    <subfield code="c">1978. </subfield>
  </datafield>
  <datafield tag="300" ind1=" " ind2=" ">
    <subfield code="a">174-276  p. : </subfield>
    <subfield code="c">30 cm. </subfield>
  </datafield>
  <datafield tag="650" ind1=" " ind2="0">
    <subfield code="a">&#x9B6;&#x9BF;&#x995;&#x9CD;&#x9B7;&#x9BE;, Education, Education system, &#x9B6;&#x9BF;&#x995;&#x9CD;&#x9B7;&#x9BE; &#x9AC;&#x9CD;&#x9AF;&#x9AC;&#x9B8;&#x9CD;&#x9A5;&#x9BE;, &#x15A;ik&#x1E63;&#x101; byabasth&#x101;, Higher Education, &#x989;&#x99A;&#x9CD;&#x99A; &#x9B6;&#x9BF;&#x995;&#x9CD;&#x9B7;&#x9BE;, Ucca &#x15B;ik&#x1E63;&#x101;, &#x989;&#x9A8;&#x9CD;&#x9A8;&#x9A4; &#x9B6;&#x9BF;&#x995;&#x9CD;&#x9B7;&#x9BE;, Unnata &#x15B;ik&#x1E63;&#x101;, Advanced education, &#x9AA;&#x9CD;&#x9B0;&#x9BE;&#x9A5;&#x9AE;&#x9BF;&#x995; &#x9B6;&#x9BF;&#x995;&#x9CD;&#x9B7;&#x9BE;, Pr&#x101;thamika &#x15B;ik&#x1E63;&#x101;, Primary education, &#x989;&#x99A;&#x9CD;&#x99A; &#x9AE;&#x9BE;&#x9A7;&#x9CD;&#x9AF;&#x9AE;&#x9BF;&#x995; &#x9B6;&#x9BF;&#x995;&#x9CD;&#x9B7;&#x9BE;, Ucca m&#x101;dhyamika &#x15B;ik&#x1E63;&#x101;, Higher secondary education, &#x9AE;&#x9BE;&#x9A7;&#x9CD;&#x9AF;&#x9AE;&#x9BF;&#x995; &#x9B6;&#x9BF;&#x995;&#x9CD;&#x9B7;&#x9BE;, M&#x101;dhyamika &#x15B;ik&#x1E63;&#x101;, Secondary Education</subfield>
    <subfield code="9">5904</subfield>
  </datafield>
  <datafield tag="942" ind1=" " ind2=" ">
    <subfield code="2">ddc</subfield>
    <subfield code="c">BK</subfield>
  </datafield>
  <datafield tag="952" ind1=" " ind2=" ">
    <subfield code="0">0</subfield>
    <subfield code="1">0</subfield>
    <subfield code="2">ddc</subfield>
    <subfield code="4">0</subfield>
    <subfield code="7">0</subfield>
    <subfield code="8">NFIC</subfield>
    <subfield code="a">ASL</subfield>
    <subfield code="b">ASL</subfield>
    <subfield code="c">GEN</subfield>
    <subfield code="d">2023-03-26</subfield>
    <subfield code="e">ASB Library Collections</subfield>
    <subfield code="l">0</subfield>
    <subfield code="o">370 HUE</subfield>
    <subfield code="p">120030</subfield>
    <subfield code="r">2023-03-26 00:00:00</subfield>
    <subfield code="t">C-1</subfield>
    <subfield code="w">2023-03-26</subfield>
    <subfield code="y">BK</subfield>
    <subfield code="z">Y-1978</subfield>
  </datafield>
  <datafield tag="952" ind1=" " ind2=" ">
    <subfield code="0">0</subfield>
    <subfield code="1">0</subfield>
    <subfield code="2">ddc</subfield>
    <subfield code="4">0</subfield>
    <subfield code="7">0</subfield>
    <subfield code="8">NFIC</subfield>
    <subfield code="a">ASL</subfield>
    <subfield code="b">ASL</subfield>
    <subfield code="c">GEN</subfield>
    <subfield code="d">2023-03-26</subfield>
    <subfield code="e">ASB Library Collections</subfield>
    <subfield code="l">0</subfield>
    <subfield code="o">370 HUE</subfield>
    <subfield code="p">120049</subfield>
    <subfield code="r">2023-03-26 00:00:00</subfield>
    <subfield code="t">C-1</subfield>
    <subfield code="w">2023-03-26</subfield>
    <subfield code="y">BK</subfield>
    <subfield code="z">Y-1978</subfield>
  </datafield>
  <datafield tag="999" ind1=" " ind2=" ">
    <subfield code="c">31383</subfield>
    <subfield code="d">31383</subfield>
  </datafield>
</record>
